Statistics for Countries chain by clues

Click here to take the quiz!

General Stats

  • This quiz has been taken 84 times
  • The average score is 10 of 25

Answer Stats

HintAnswer% Correct
It shares the island of Hispaniola with the above countryHaiti
84%
Begins with 'D', like the bottom countryDominican Republic
83%
It is an enclave in Italy, like the above countryVatican City
74%
Its official language is Portuguese, like the above countryBrazil
72%
It's capital also ends with 'city', like the above countryMexico
71%
It only borders Indonesia, like the above countryEast Timor
52%
Its capital begins with 'Port', like the above countryPapua New Guinea
49%
It has an 'X' in its name, like the above countryLuxembourg
48%
It is a diarchy (with two leaders), like the above countrySan Marino
46%
It borders 10 countries, like the above countryFrance
43%
Its name starts with a unique letter, like the above countryQatar
43%
Its capital is the name of the country, like the above countryMonaco
39%
It has a sultan, like the above countryOman
38%
It has an emir as head of state, like the above countryKuwait
32%
It has a prince as head of state, like the above countryLiechtenstein
30%
Its capital also begins and ends with the same letter, like the above countryNorway
28%
It is doubly landlocked, like the above countryUzbekistan
25%
It borders only one other country, like the above countryBrunei
23%
Its capital also beings with 'O', like the above countryCanada
20%
It borders 5 other countries, like the above countryBolivia
19%
Its capital begins with 'K', like the above countryUganda
17%
It shares Mount Stanley as its highest point with the above countryDemocratic Republic of the Congo
12%
Its official language is French, like the above countryGuinea
12%
It shares Mount Nimba as its highest point with the above countryIvory Coast
9%
It has two capitals, like the above countrySwaziland
7%

Score Distribution

Percentile by Number Answered

Percent of People with Each Score

Your Score History

You have not taken this quiz